|
|
|
|
| LEADER |
00000nab a2200000 ar4500 |
| 001 |
vtls009515705 |
| 003 |
SK-MaSNL |
| 005 |
20260305002734.0 |
| 008 |
090522c2009 xo er|p|||||||000 b|slo |
| 038 |
|
|
|a PPPK
|
| 040 |
|
|
|a PPPKCL
|b slo
|c PPPKCL
|e AACR2
|
| 041 |
0 |
|
|a slo
|
| 044 |
|
|
|a xo
|c SK
|
| 080 |
|
|
|a 793.3:796.034.6
|2 2001
|
| 080 |
|
|
|a 793.33(88)
|2 2001
|
| 100 |
1 |
|
|a Scholtzová, Gertrúda
|4 aut
|9 994128
|
| 245 |
1 |
0 |
|a Boli sme opäť úspešní
|c Gertrúda Scholtzová
|
| 300 |
|
|
|b Fotogr.
|
| 600 |
1 |
7 |
|a Šoltýs, Branislav
|2 pppkcl
|9 1242611
|
| 600 |
1 |
7 |
|a Šimoňáková, Sára
|2 pppkcl
|9 1246969
|
| 600 |
1 |
7 |
|a Gríger, Juraj
|2 pppkcl
|9 1242605
|
| 600 |
1 |
7 |
|a Britaňáková, Radka
|2 pppkcl
|9 1242604
|
| 610 |
2 |
7 |
|a Tanečno-športové centrum Tempo (Kežmarok, Slovensko)
|2 pppkcl
|9 1033071
|
| 611 |
2 |
7 |
|a Majstrovstvá Slovenska v tanečnom športe
|n (9. :
|d 2009 :
|c Poprad, Slovensko)
|2 pppkcl
|9 1579004
|
| 650 |
0 |
7 |
|a spoločenské tance
|2 pppkcl
|9 29452
|
| 650 |
0 |
7 |
|a tanečný šport
|2 pppkcl
|9 71032
|
| 650 |
0 |
7 |
|a tanečné súťaže
|2 pppkcl
|9 74115
|
| 651 |
|
7 |
|a Poprad (Slovensko)
|2 pppkcl
|9 20155
|
| 651 |
|
7 |
|a Kežmarok (Slovensko)
|2 pppkcl
|9 26808
|
| 773 |
0 |
|
|t Kežmarok
|g Roč. XVII, č. 6 (2009), s. 17
|
| 852 |
|
|
|a PPPK
|b KIS3GCP
|
| 999 |
|
|
|c 3226813
|d 3228743
|